书目信息 |
| 题名: |
信息论基础
|
|
| 作者: | 叶中行 编 | |
| 分册: | ||
| 出版信息: | 北京 高等教育出版社 2007 |
|
| 页数: | 207页 | |
| 开本: | 23cm | |
| 丛书名: | 普通高等学校信息与计算科学专业系列丛书 | |
| 单 册: | ||
| 中图分类: | TN911.2-43 | |
| 科图分类: | 73.412 | |
| 主题词: | 信息论--xin xi lun--高等学校--教材 | |
| 电子资源: | ||
| ISBN: | 978-7-04-021795-7 | |
| 000 | 01240cam0 2200313 45 | |
| 001 | 012001000474 | |
| 005 | 20191108081806.78 | |
| 010 | @a978-7-04-021795-7@dCNY20.40 | |
| 099 | @aCAL 012007111524 | |
| 100 | @a20070926d2007 em y0chiy50 ea | |
| 101 | 0 | @achi |
| 102 | @aCN@b110000 | |
| 105 | @aa z 000yy | |
| 106 | @ar | |
| 200 | 1 | @a信息论基础@Axin xi lun ji chu@f叶中行编 |
| 205 | @a第2版 | |
| 210 | @a北京@c高等教育出版社@d2007 | |
| 215 | @a207页@c图@d23cm | |
| 225 | 2 | @a普通高等学校信息与计算科学专业系列丛书@Apu tong gao deng xue xiao xin xi yu ji suan ke xue zhuan ye xi lie cong shu |
| 320 | @a有书目。 | |
| 330 | @a本书主要内容包括随机变量的信息度量、随机过程的信息度量和渐近等分性、数据压缩和信源编码、数据可靠传输和信道编码、限失真数据压缩和率失真理论、连续信源与信道理论、网络信息理论和网络编码、信息论的应用等。 | |
| 333 | @a高等学校信息与计算科学专业、数学与应用数学专业教材,也可供其他专业“信息论基础”课程选用 | |
| 410 | 0 | @12001@@a普通高等学校信息与计算科学专业系列丛书 |
| 606 | 0 | @a信息论@Axin xi lun@x高等学校@j教材 |
| 690 | @aTN911.2-43@v4 | |
| 692 | @a73.412@v3 | |
| 701 | 0 | @a叶中行@Aye zhong xing@4编 |
| 801 | 0 | @aCN@b北京卓展文化@c20191020 |
| 905 | @b1196220-3@dTN911.2-43@e261=2@f4 | |
| 信息论基础/叶中行编.-第2版.-北京:高等教育出版社,2007 |
| 207页:图;23cm.-(普通高等学校信息与计算科学专业系列丛书) |
| 使用对象:高等学校信息与计算科学专业、数学与应用数学专业教材,也可供其他专业“信息论基础”课程选用 |
| ISBN 978-7-04-021795-7:CNY20.40 |
| 本书主要内容包括随机变量的信息度量、随机过程的信息度量和渐近等分性、数据压缩和信源编码、数据可靠传输和信道编码、限失真数据压缩和率失真理论、连续信源与信道理论、网络信息理论和网络编码、信息论的应用等。 |
| ● |
| 相关链接 |
|
|
|
|
正题名:信息论基础
索取号:TN911.2-43/261=2
 
预约/预借
| 序号 | 登录号 | 条形码 | 馆藏地/架位号 | 状态 | 备注 |
| 1 | 1196220 | 211962205 | 第二样本阅览室/ [索取号:TN911.2-43/261=2] | 在馆 | |
| 2 | 1196221 | 211962214 | 第三借阅区/ [索取号:TN911.2-43/261=2] | 在馆 | |
| 3 | 1196222 | 211962223 | 第三借阅区/ [索取号:TN911.2-43/261=2] | 在馆 | |
| 4 | 1196223 | 211962232 | 第三借阅区/ [索取号:TN911.2-43/261=2] | 在馆 |